Putting people first : (Record no. 3360)

MARC details
000 -LEADER
fixed length control field 01093cam a2200301 a 4500
001 - CONTROL NUMBER
control field 1442166
003 - CONTROL NUMBER IDENTIFIER
control field OSt
005 - DATE AND TIME OF LATEST TRANSACTION
control field 20160331143343.0
008 - FIXED-LENGTH DATA ELEMENTS--GENERAL INFORMATION
fixed length control field 850517s1985 nyu b i001 0 eng
010 ## - LIBRARY OF CONGRESS CONTROL NUMBER
LC control number 85011574
020 ## - INTERNATIONAL STANDARD BOOK NUMBER
International Standard Book Number 0195204654
040 ## - CATALOGING SOURCE
Original cataloging agency DLC
Transcribing agency DLC
Modifying agency DLC
050 00 - LIBRARY OF CONGRESS CALL NUMBER
Classification number HD1433
Item number .P87 1985
082 00 - DEWEY DECIMAL CLASSIFICATION NUMBER
Classification number 301
Edition number 19
Item number PUT 1985
245 00 - TITLE STATEMENT
Title Putting people first :
Remainder of title sociological variables in rural development /
Statement of responsibility, etc. edited by Michael M. Cernea.
260 ## - PUBLICATION, DISTRIBUTION, ETC. (IMPRINT)
Place of publication, distribution, etc. New York :
Name of publisher, distributor, etc. Published for the World Bank [by] Oxford University Press,
Date of publication, distribution, etc. 1985.
300 ## - PHYSICAL DESCRIPTION
Extent xiv, 430 p. ;
Dimensions 25 cm.
504 ## - BIBLIOGRAPHY, ETC. NOTE
Bibliography, etc Includes bibliographies and index.
650 #0 - SUBJECT ADDED ENTRY--TOPICAL TERM
Topical term or geographic name as entry element Agricultural development projects
General subdivision Social aspects.
9 (RLIN) 7518
650 #0 - SUBJECT ADDED ENTRY--TOPICAL TERM
Topical term or geographic name as entry element Rural development
General subdivision Sociological aspects.
9 (RLIN) 7519
650 #0 - SUBJECT ADDED ENTRY--TOPICAL TERM
Topical term or geographic name as entry element Sociology, Rural.
9 (RLIN) 7520
650 #0 - SUBJECT ADDED ENTRY--TOPICAL TERM
Topical term or geographic name as entry element Rural poor.
9 (RLIN) 7521
700 1# - ADDED ENTRY--PERSONAL NAME
Personal name Cernea, Michael M.
9 (RLIN) 4322
710 2# - ADDED ENTRY--CORPORATE NAME
Corporate name or jurisdiction name as entry element World Bank.
9 (RLIN) 955
856 42 - ELECTRONIC LOCATION AND ACCESS
Materials specified Publisher description
Uniform Resource Identifier http://www.loc.gov/catdir/enhancements/fy0638/85011574-d.html
906 ## - LOCAL DATA ELEMENT F, LDF (RLIN)
a 7
b cbc
c orignew
d 1
e ocip
f 19
g y-gencatlg
942 ## - ADDED ENTRY ELEMENTS (KOHA)
Source of classification or shelving scheme Dewey Decimal Classification
Koha item type Short Loan
Holdings
Withdrawn status Lost status Source of classification or shelving scheme Damaged status Not for loan Home library Current library Date acquired Inventory number Total Checkouts Full call number Barcode Date last seen Price effective from Koha item type
    Dewey Decimal Classification     MUST Main Library MUST Main Library 31/03/2016 2000/14072   301 PUT 1985 2016-0569 31/03/2016 31/03/2016 Short Loan